Re-forming India : (Record no. 116920)
[ view plain ]
| 000 -LEADER | |
|---|---|
| fixed length control field | 00627cam a2200217 i 4500 |
| 001 - CONTROL NUMBER | |
| control field | 21012839 |
| 005 - DATE AND TIME OF LATEST TRANSACTION | |
| control field | 20200206100924.0 |
| 008 - FIXED-LENGTH DATA ELEMENTS--GENERAL INFORMATION | |
| fixed length control field | 190611s2019 ii b 001 0 eng d |
| 020 ## - INTERNATIONAL STANDARD BOOK NUMBER | |
| International Standard Book Number | 9780670090983 |
| 020 ## - INTERNATIONAL STANDARD BOOK NUMBER | |
| International Standard Book Number | 0670090980 |
| 040 ## - CATALOGING SOURCE | |
| Transcribing agency | PK-LaUMT |
| 082 04 - DEWEY DECIMAL CLASSIFICATION NUMBER | |
| Classification number | 954.053 |
| Edition number | 23 |
| Item number | REF- |
| 245 00 - TITLE STATEMENT | |
| Title | Re-forming India : |
| Remainder of title | the nation today / |
| Statement of responsibility, etc | edited by Niraja Gopal Jayal |
| 260 ## - PUBLICATION, DISTRIBUTION, ETC. (IMPRINT) | |
| Place of publication, distribution, etc | Haryana : |
| Name of publisher, distributor, etc | Penguin Random House India, |
| Date of publication, distribution, etc | 2019 |
| 300 ## - PHYSICAL DESCRIPTION | |
| Extent | xxxix, 639 p. ; |
| Dimensions | 24 cm |
| 650 #7 - SUBJECT ADDED ENTRY--TOPICAL TERM | |
| Topical term or geographic name as entry element | Economic history. |
| 650 #7 - SUBJECT ADDED ENTRY--TOPICAL TERM | |
| Topical term or geographic name as entry element | Politics and government. |
| 650 #7 - SUBJECT ADDED ENTRY--TOPICAL TERM | |
| Topical term or geographic name as entry element | Social conditions. |
| 700 1# - ADDED ENTRY--PERSONAL NAME | |
| Personal name | Jayal, Niraja Gopal, |
| 942 ## - ADDED ENTRY ELEMENTS (KOHA) | |
| Koha item type | Books |
| Withdrawn status | Lost status | Damaged status | Home library | Current library | Date acquired | Full call number | Barcode | Date last seen | Price effective from | Koha item type |
|---|---|---|---|---|---|---|---|---|---|---|
| UMT Main Campus | UMT Main Campus | 2020-02-06 | 954.053 REF- | 132861 | 2021-04-13 | 2020-02-06 | Books |
